=LDR 00000nam 2200000 4500 =001 INLIS000000000011921 =005 20130612103452 =008 ***********************************Ind** =035 ##$$0010-061300000011921 =041 ##$$a Ind =082 ##$$a 400 =090 ##$$a 400, Suy. f =100 ##$$a Suyiman, Panuti =245 ##$$a Fisiologi Melayu, kesimpulan karangan, Panuti Sudjiman =260 ##$$a 1995 $b Jakarta =300 ##$$a 133 hlm., 21 cm =650 ##$$a Bahasa =850 ##$$a NBPNMAT